[Event "CRO-chT1B 30th"]
[Site "Porec"]
[Date "2022.09.27"]
[Round "4.43"]
[White "Markovic, Alen"]
[Black "Segovic, Goran"]
[Result "0-1"]
[WhiteElo "2233"]
[BlackElo "2304"]
[PlyCount "150"]
[EventDate "2022.09.24"]
[EventType "team-tourn"]
[EventRounds "9"]
[EventCountry "CRO"]
[SourceTitle "CBM 210 Extra"]
[Source "ChessBase"]
[SourceDate "2022.11.30"]
[SourceVersion "1"]
[SourceVersionDate "2022.11.30"]
[SourceQuality "1"]
[WhiteTeam "Porec Gortan"]
[BlackTeam "Mihovljan Sloboda"]
[WhiteTeamCountry "CRO"]
[BlackTeamCountry "CRO"]

1. e4 e5 2. Nf3 Nc6 3. d4 exd4 4. Nxd4 Nf6 5. Nxc6 bxc6 6. e5 Qe7 7. Qe2 Nd5 8. c4 Ba6 9. Qe4 Nb6 10. Bd3 Bxc4 11. Bxc4 d5 12. Bxd5 cxd5 13. Qe2 Qe6 14. 0-0 g6 15. f4 Bg7 16. Qc2 0-0 17. Nd2 Rac8 18. a4 c5 19. a5 Nd7 20. Nf3 h6 21. Bd2 d4 22. h3 Rb8 23. Rab1 Rfc8 24. Rfc1 Nf8 25. Qd3 Qd5 26. b4 Ne6 27. bxc5 Rxb1 28. Rxb1 Bf8 29. Qa6 Rc7 30. Rb8 Kg7 31. Qd3 Nxc5 32. Qxd4 Qxd4+ 33. Nxd4 Ne4 34. Nb3 Rd7 35. Be1 Rd1 36. Kf1 Rb1 37. Ke2 Rb2+ 38. Kd3 Nc5+ 39. Kc4 Rc2+ 40. Kd4 Ne6+ 41. Ke3 Rxg2 42. Bf2 Rh2 43. Kf3 Rxh3+ 44. Ke4 a6 45. Nd4 Nc5+ 46. Kd5 Nd3 47. Bg1 Rg3 48. Ne2 Nxf4+ 49. Nxf4 Rxg1 50. Rb6 Ra1 51. Rxa6 Bb4 52. e6 Rf1 53. Ke4 f5+ 54. Ke5 Bc3+ 55. Kd6 Rxf4 56. Ra7+ Kf6 57. Rf7+ Kg5 58. a6 Ra4 59. a7 Bf6 60. Kc6 f4 61. Kb7 f3 62. a8Q Rxa8 63. Kxa8 f2 64. e7 Bxe7 65. Rxf2 h5 66. Kb7 h4 67. Kc6 h3 68. Kd5 Kg4 69. Ke4 Kg3 70. Rc2 h2 71. Rc3+ Kg4 72. Rc1 Bc5 73. Rh1 Bd6 74. Rd1 g5 75. Ke3 Bc5+ 0-1

[Event "CRO-chT2 Qual 1B Liga"]
[Site "Trogir"]
[Date "2021.11.19"]
[Round "1.1"]
[White "Markovic, Alen"]
[Black "Tesla, Miro"]
[Result "1-0"]
[WhiteElo "2214"]
[BlackElo "2144"]
[PlyCount "81"]
[EventDate "2021.11.19"]
[EventType "team-tourn"]
[EventRounds "3"]
[EventCountry "CRO"]
[SourceTitle "EXT 2023"]
[Source "ChessBase"]
[SourceDate "2022.10.05"]
[SourceVersion "1"]
[SourceVersionDate "2022.10.05"]
[SourceQuality "1"]
[WhiteTeam "Porec Gortan"]
[BlackTeam "Sibenik"]
[WhiteTeamCountry "CRO"]
[BlackTeamCountry "CRO"]

1. e4 d6 2. d4 Nf6 3. Nc3 e5 4. Nf3 exd4 5. Nxd4 Be7 6. Be2 0-0 7. Be3 Re8 8. g4 Bf8 9. Bf3 Nc6 10. g5 Nd7 11. Rg1 Nxd4 12. Qxd4 c6 13. 0-0-0 b5 14. Bf4 Qa5 15. Bxd6 b4 16. Bxf8 Nxf8 17. Nb1 c5 18. Qe3 Bb7 19. h4 Ne6 20. Rd7 Bc6 21. Rd6 Nd4 22. h5 Qa6 23. Rxd4 cxd4 24. Qxd4 Qxa2 25. h6 f6 26. g6 Re7 27. Be2 Qa5 28. Bc4+ Kh8 29. hxg7+ Rxg7 30. Qxf6 Bxe4 31. gxh7 Qc7 32. b3 Bxh7 33. Nd2 Re8 34. Nf3 Qe7 35. Qd4 Rd8 36. Rxg7 Rxd4 37. Rxe7 Rf4 38. Ng5 Bg6 39. f3 Rf5 40. Nf7+ Bxf7 41. Rxf7 1-0

[Event "CRO-chT2a"]
[Site "Croatia"]
[Date "2009.04.26"]
[Round "6"]
[White "Grbac, Boris"]
[Black "Markovic, Alen"]
[Result "1/2-1/2"]
[WhiteElo "2142"]
[BlackElo "2240"]
[PlyCount "20"]
[EventDate "2009.04.04"]
[EventType "team-tourn"]
[EventRounds "9"]
[EventCountry "CRO"]
[SourceTitle "EXT 2010"]
[Source "ChessBase"]
[SourceDate "2010.11.25"]
[SourceVersion "1"]
[SourceVersionDate "2010.11.25"]
[SourceQuality "1"]

1. e4 c5 2. Nf3 d6 3. Bb5+ Bd7 4. Bxd7+ Qxd7 5. 0-0 e5 6. c3 Nf6 7. d4 Nc6 8. Re1 Be7 9. Bg5 h6 10. Bh4 0-0-0 1/2-1/2

[Event "Kostrena ZNG111 8th"]
[Site "Kostrena"]
[Date "2005.10.30"]
[Round "5"]
[White "Crepan, Marjan"]
[Black "Markovic, Alen"]
[Result "1-0"]
[WhiteElo "2310"]
[BlackElo "2090"]
[PlyCount "73"]
[EventDate "2005.10.28"]
[EventType "tourn"]
[EventRounds "11"]
[EventCountry "CRO"]
[EventCategory "1"]
[SourceTitle "EXT 2006"]
[Source "ChessBase"]
[SourceDate "2005.11.24"]
[SourceVersion "1"]
[SourceVersionDate "2005.11.24"]
[SourceQuality "1"]

1. e4 c5 2. Nf3 d6 3. d4 cxd4 4. Nxd4 Nf6 5. Nc3 a6 6. Be2 e5 7. Nb3 Be6 8. 0-0 Be7 9. f4 Qc7 10. Kh1 Nbd7 11. Qe1 b5 12. a3 0-0 13. Be3 Rac8 14. Qg3 exf4 15. Rxf4 d5 16. exd5 Nxd5 17. Nxd5 Bxd5 18. Nd4 g6 19. Nf5 Bc5 20. Bd2 Rfe8 21. Nh6+ Kg7 22. Bc3+ f6 23. Bd3 Re6 24. Raf1 Rf8 25. Qg5 Qc6 26. Rg4 Ne5 27. Bxe5 Rxe5 28. Nf5+ Kf7 29. Nh6+ Ke7 30. Qh4 Rh5 31. Qe1+ Qe6 32. Be4 f5 33. Bxd5 Qxe1 34. Rxe1+ Kd6 35. Rg3 Kxd5 36. Rd3+ Kc6 37. Rc3 1-0

[Event "Umag op"]
[Site "Umag"]
[Date "2005.03.26"]
[Round "9"]
[White "Savic, Miroslav"]
[Black "Markovic, Alen"]
[Result "1-0"]
[WhiteElo "2239"]
[BlackElo "2064"]
[PlyCount "122"]
[EventDate "2005.03.22"]
[EventType "swiss"]
[EventRounds "9"]
[EventCountry "CRO"]
[SourceTitle "CBM 105 Extra"]
[Source "ChessBase"]
[SourceDate "2005.05.01"]
[SourceVersion "1"]
[SourceVersionDate "2005.05.01"]
[SourceQuality "1"]

1. Nf3 b5 2. c3 Bb7 3. d4 Nf6 4. Bf4 d6 5. Nbd2 Nbd7 6. e3 a6 7. a4 c6 8. Qc2 g6 9. Bd3 Bg7 10. h3 0-0 11. 0-0 Re8 12. Rfd1 e5 13. dxe5 dxe5 14. Bg5 Qb6 15. e4 c5 16. c4 b4 17. Nf1 Nf8 18. Bxf6 Bxf6 19. Ne3 Ne6 20. Nd5 Bxd5 21. cxd5 Nd4 22. Nxd4 cxd4 23. a5 Qd6 24. Rdc1 Bg5 25. Qc7 Red8 26. Qxd6 Rxd6 27. Rc6 Rxc6 28. dxc6 Bd8 29. Ra4 Be7 30. Bc4 Bd6 31. Kf1 Kf8 32. Ke2 Ke7 33. Kd3 f5 34. f3 Bc5 35. Ra1 Kd6 36. Re1 Ra7 37. Bd5 f4 38. Rc1 Rg7 39. h4 h6 40. Kc4 Re7 41. Kb3 Rc7 42. Ka4 Rc8 43. Kb3 Rd8 44. Kc4 Rc8 45. Kd3 Rf8 46. Rg1 Kc7 47. Kc4 Be7 48. Rh1 Rb8 49. Kb3 Rb5 50. Ra1 Rc5 51. h5 gxh5 52. Ra4 Rc1 53. Bc4 Rg1 54. Bxa6 Rxg2 55. Bc4 Bc5 56. a6 Ba7 57. Rxb4 Kxc6 58. Rb7 Bc5 59. Bb5+ Kd6 60. Rd7+ Ke6 61. Rc7 d3 1-0

[Event "Umag"]
[Site "Umag"]
[Date "2004.04.07"]
[Round "7.2"]
[White "Bulic, Josip"]
[Black "Markovic, Alen"]
[Result "1/2-1/2"]
[WhiteElo "2209"]
[BlackElo "2017"]
[PlyCount "99"]
[EventDate "2004.04.01"]
[EventType "tourn"]
[EventRounds "9"]
[EventCountry "CRO"]
[SourceTitle "CBM 099 Extra"]
[Source "ChessBase"]
[SourceDate "2004.05.04"]
[SourceVersion "1"]
[SourceVersionDate "2004.05.04"]
[SourceQuality "1"]

1. d4 Nf6 2. Bg5 g6 3. Bxf6 exf6 4. e4 d5 5. exd5 Qxd5 6. Nf3 Bg7 7. Nc3 Qe6+ 8. Be2 0-0 9. 0-0 Qb6 10. Rb1 c6 11. h3 Be6 12. Na4 Qc7 13. Nc5 Bxa2 14. Ra1 Bd5 15. c4 Bxf3 16. Bxf3 b6 17. Na6 Nxa6 18. Rxa6 Rad8 19. d5 cxd5 20. cxd5 f5 21. Qa4 Bxb2 22. Rxa7 Qe5 23. Rd1 Rd6 24. Qb4 Qf6 25. Rc7 Rfd8 26. Rc6 Be5 27. Qxb6 Kg7 28. Re1 Bd4 29. Qb7 Qh4 30. Re2 Re8 31. Qb5 Rdd8 32. Rc1 Rxe2 33. Qxe2 Rb8 34. Rc2 g5 35. Rd2 Qf4 36. Qd3 Rb4 37. Bd1 Bb6 38. Qc3+ Rd4 39. Rxd4 Bxd4 40. Qf3 Qd2 41. Be2 Qe1+ 42. Bf1 Qe5 43. Bd3 Qe1+ 44. Bf1 Qe5 45. g3 Bc5 46. Bd3 Kf6 47. g4 f4 48. Bxh7 Qd4 49. Kg2 Ke5 50. Bg8 1/2-1/2

[Event "Umag"]
[Site "Umag"]
[Date "2004.04.06"]
[Round "6.5"]
[White "Markovic, Alen"]
[Black "Savic, Miroslav"]
[Result "0-1"]
[WhiteElo "2017"]
[BlackElo "2270"]
[PlyCount "100"]
[EventDate "2004.04.01"]
[EventType "tourn"]
[EventRounds "9"]
[EventCountry "CRO"]
[SourceTitle "CBM 099 Extra"]
[Source "ChessBase"]
[SourceDate "2004.05.04"]
[SourceVersion "1"]
[SourceVersionDate "2004.05.04"]
[SourceQuality "1"]

1. e4 c5 2. Nf3 d6 3. d4 cxd4 4. Nxd4 Nf6 5. Nc3 a6 6. f3 e5 7. Nb3 Be6 8. Be3 Nbd7 9. Qd2 Rc8 10. 0-0-0 Be7 11. g4 0-0 12. h4 b5 13. Kb1 Qc7 14. h5 Nb6 15. g5 Nfd7 16. g6 Nc4 17. Bxc4 bxc4 18. h6 fxg6 19. hxg7 Rf7 20. Rxh7 Kxh7 21. Qh2+ Kxg7 22. Qh6+ Kg8 23. Qxg6+ Kf8 24. Qxe6 cxb3 25. Rh1 Ke8 26. Nd5 Qxc2+ 27. Ka1 Nf8 28. Qg4 Rh7 29. Rb1 Rh2 30. Nxe7 bxa2 31. Qxc8+ Qxc8 32. Nxc8 axb1Q+ 33. Kxb1 Kd7 34. Nb6+ Ke6 35. Nc4 Ng6 36. Ba7 Nh4 37. Bb8 Nxf3 38. Nxd6 Nd2+ 39. Kc1 Nb3+ 40. Kb1 Re2 41. Ka2 Nc5 42. Nc4 Rxe4 43. Nxe5 Rxe5 44. Bxe5 Kxe5 45. Ka3 Nb7 46. Kb4 Kd4 47. b3 Kd5 48. Ka4 Kc5 49. Ka3 Kb5 50. Kb2 Kb4 0-1

[Event "BIH-chT"]
[Site "Bihac"]
[Date "1999.08.24"]
[Round "4"]
[White "Markovic, Alen"]
[Black "Mujic, Hamza"]
[Result "0-1"]
[WhiteElo "2025"]
[BlackElo "2235"]
[PlyCount "62"]
[EventDate "1999.08.21"]
[EventType "team-tourn"]
[EventRounds "9"]
[EventCountry "BIH"]
[SourceTitle "EXT 2000"]
[Source "ChessBase"]
[SourceDate "1999.11.16"]
[SourceVersion "1"]
[SourceVersionDate "1999.11.16"]
[SourceQuality "1"]

1. e4 e6 2. d4 d5 3. exd5 exd5 4. Bd3 Bd6 5. Ne2 Nf6 6. Bg5 0-0 7. c3 Nbd7 8. Nd2 Re8 9. Nf3 c6 10. 0-0 Qc7 11. h3 h6 12. Be3 Ne4 13. c4 dxc4 14. Bxc4 Nb6 15. Bb3 Be6 16. Nc3 Bxb3 17. Qxb3 Nf6 18. Rac1 Qd7 19. Rfe1 Re7 20. Ne5 Qe6 21. Qc2 Rae8 22. Bf4 Nfd5 23. Bg3 Nxc3 24. Qxc3 Nd5 25. Qf3 Bb4 26. Red1 f6 27. Ng6 Rd7 28. a3 Ba5 29. b4 Bb6 30. Nh4 Nc7 31. Rc3 Bxd4 0-1